Регионална библиотека "Любен Каравелов" - Русе

Зеленият Марс (Запис номер 17189)

MARC детайли
000 -Лидер
Контролно поле с фиксирана дължина 01188nam a2200301 c 4500
003 - Код на организацията, давaща контролен номер
Контролно поле BLK
005 - Дата и час на последна редакция
Контролно поле 20180420215234.0
008 - Елементи от данни с фиксирана дължина
fixed length control field 180413b bul|||||r ||||||| ||bul||
010 ## - Наследен системен номер
LC control number KNG00019119000
040 ## - Източник на каталожния запис
Идентификатор на билиотеката - собственик на записа BLK
041 ## - Код за език
Код за езика на текст/звукозапис или на отделно заглавие Български
Код за езика КДБФ Български
080 ## - УДК
Текстов определител УДК Американска литература (на САЩ)
УДК код - определител по УДК 821.111(73)
УДК определител -312.9
УДК - код + определител 821.111(73)-312.9
100 1# - Редна дума - Автор
Автор Робинсън, Ким Стенли
Авторска отговорност първи автор
R(LIN) 259301
139 ## - Редно поле
Редна дума Робинсън, Ким Стенли
Авторски знак Роби - Р 69
245 10 - Сведения за заглавието
Заглавие Зеленият Марс
Подзаглавни данни Роман
Редно поле (дума) Ким Стенли Робинсън; прев. от англ. Сибин Майноловски.
257 ## - Страна на издаване
Страна на създаване/издаване Съединени американски щати
260 ## - Област на издателските данни
-- София
Име на издателя, разпространителя и проч. Бард
Година на издаване 1997
300 ## - Физическа характеристика
Страници 384 с.
Размери/Мащаб 20 см
380 ## - Жанр
Жанр Худож. лит.
490 1# - СЕРИИ (Колекции)
Име на серия Избрана световна класика
№: серия 43
500 ## - Общи забележки
Забележка Ориг. загл. Green Mars / Kim Stanley Robinson. - 1 000 тир.
700 1# - Други автори (авторска отговорност)
Лично име Майноловски, Сибин
Автороска отговорност (Описва отношението между автора и произведението) прев. от англ.
9 (RLIN) 261776
852 ## - Местоположение
Форматна сигнатура Цб 194104
856 4# - Електронен адрес и достъп
Електронен формат pdf - файл
Път до файла /url/
856 4# - Електронен адрес и достъп
Електронен формат pdf - файл
Път до файла /url/
942 ## - АРТИКУЛИ
Вид на библиотечния материал Книги
Скрит в OPAC Не
944 ## - СЪЗДАВАНЕ И РЕДАКЦИЯ на ЗАПИСА
Създаване/Редакция Създаване
Дата на регистрацията/редакция 15.01.2003
Служител, извършил регистрацията/редакцията Цветанка_Енчева
944 ## - СЪЗДАВАНЕ И РЕДАКЦИЯ на ЗАПИСА
Създаване/Редакция Редакция
Дата на регистрацията/редакция 07.09.2015
Служител, извършил регистрацията/редакцията Валентина_Караджова
999 ## - СИСТЕМНИ КОНТРОЛНИ НОМЕРА
Koha biblionumber 17189
Koha biblioitemnumber 17189
Наличности
Код за отписване Код за изгубен артикул Източник на класификационната схема Код за повреда Коз за рестрикции Код за отдаване Артикулен № Име на библиотеката - собственик Име на библиотеката, в която се намира в момента Статус (Текущо местоположение) Дата на вписване в системата Местоположение - отдел Цена в лева Инвентарен номер Систематично азбучна сигнатура Баркод Номер на екземпляра Цена в евро Служебен тип на артикула Служебна бележка
Изтеглен Не е изгубен Universal Decimal Classification Не е повреден без рестрикции заемане за дома 29026 Регионална библиотека "Любен Каравелов" Русе Регионална библиотека "Любен Каравелов" Русе Детски отдел 2001-01-01 Детски отдел 3.00 635594 ДХ 820/899/Р 46 635594 1 1.53 Книги  
  Не е изгубен   Не е повреден без рестрикции заемане за дома 29027 Регионална библиотека "Любен Каравелов" Русе Регионална библиотека "Любен Каравелов" Русе Заемна - подръчен фонд 2006-07-25 Заемна - подръчен фонд 3.00 120000703749 П 820(73)-31/Р 46 120000703749 2 1.53 Книги Дост: Pk Вид: Ф N: 34 Дата: 19.07.2006
Vip Innovations Ltd, Rousse, Bulgaria 2025